[Event "Fyn-ch"]
[Site "Odense"]
[Date "2008.01.10"]
[Round "1"]
[White "Rasmussen, Knud Aage"]
[Black "Lindegaard, Carsten"]
[Result "1-0"]
[WhiteElo "1741"]
[BlackElo "1256"]
[PlyCount "65"]
[EventDate "2008.01.10"]
[EventType "swiss"]
[EventRounds "7"]
[EventCountry "DEN"]
[SourceTitle "EXT 2018"]
[Source "ChessBase"]
[SourceDate "2017.10.13"]
[SourceVersion "1"]
[SourceVersionDate "2017.10.13"]
[SourceQuality "1"]

1. Nf3 d5 2. c4 c6 3. b3 Nf6 4. Bb2 e6 5. g3 Nbd7 6. Bg2 Be7 7. 0-0 0-0 8. d4 Ne4 9. Nbd2 Nxd2 10. Nxd2 Nf6 11. Rc1 Bd7 12. h3 h6 13. a3 Nh7 14. e4 Bc8 15. e5 f6 16. exf6 Bxf6 17. f4 Qe8 18. g4 Qg6 19. Nf3 Be7 20. Ne5 Qe8 21. Qd3 Rf6 22. cxd5 exd5 23. Rce1 Nf8 24. f5 b6 25. Nxc6 Qxc6 26. Rxe7 a5 27. Re5 Ba6 28. Qe3 Bxf1 29. Bxd5+ Qxd5 30. Rxd5 Ba6 31. Re5 Kh7 32. d5 Nd7 33. Re7 1-0